000
00293nam a2200121Ia 4500
005
20251222143125.0
008
251222s9999||||xx |||||||||||||| ||spa||
082
_a
262/D92
100
_a
Doriga, Enrique
245
0
_a
En Torno a la Iglesia
264
_b
Universidad del PacĂfico
942
_c
LIB
999
_c
11713
_d
11713